|
|
|
|
| LEADER |
00000nab a2200000 ar4500 |
| 001 |
vtls010056911 |
| 003 |
SK-MaSNL |
| 005 |
20260304032237.0 |
| 008 |
100125|2009 xo |||||||||||||| b|slo |
| 015 |
|
|
|a SNBRB2010/01
|2 snkbucl
|
| 038 |
|
|
|a SNKBUCL
|
| 040 |
|
|
|a SNKBUCL
|b slo
|e AACR2
|c SNKBUCL
|
| 041 |
0 |
|
|a slo
|
| 044 |
|
|
|a xo
|c SK
|
| 080 |
|
|
|a 574.5
|2 2001
|
| 080 |
|
|
|a 594.5
|2 2001
|
| 245 |
0 |
0 |
|a Teda predsa jestvujú
|
| 300 |
|
|
|b Fotogr.
|
| 650 |
0 |
7 |
|a hlavonožce
|2 snkbucl
|9 119006
|
| 650 |
0 |
7 |
|a morská biológia
|2 snkbucl
|9 78408
|
| 650 |
0 |
7 |
|a výskumy
|2 snkbucl
|9 322799
|
| 655 |
|
7 |
|a reportáže
|2 snkbucl
|9 28856
|
| 773 |
0 |
|
|t GEO
|g Roč. 5, č. 11 (2009), s. 84-93
|x 1336-8001
|
| 852 |
|
|
|a SNK
|b KIS3GCP
|
| 999 |
|
|
|c 2641997
|d 2643927
|